Financial Decision Making (Record no. 5969)

MARC details
000 -LEADER
fixed length control field 00301nam a2200133Ia 4500
008 - FIXED-LENGTH DATA ELEMENTS--GENERAL INFORMATION
fixed length control field 191201s2011 xx 000 0 und d
100 ## - MAIN ENTRY--PERSONAL NAME
Personal name HAMPTON, John J
245 #0 - TITLE STATEMENT
Title Financial Decision Making
250 ## - EDITION STATEMENT
Edition statement 4th
260 ## - PUBLICATION, DISTRIBUTION, ETC. (IMPRINT)
Place of publication, distribution, etc New Delhi
Name of publisher, distributor, etc PHI
Date of publication, distribution, etc 2011
300 ## - PHYSICAL DESCRIPTION
Extent 550
650 ## - SUBJECT ADDED ENTRY--TOPICAL TERM
Topical term or geographic name as entry element BBA
942 ## - ADDED ENTRY ELEMENTS (KOHA)
Source of classification or shelving scheme Dewey Decimal Classification
Koha item type Text Books
Holdings
Withdrawn status Lost status Source of classification or shelving scheme Damaged status Not for loan Collection code Home library Current library Date acquired Source of acquisition Cost, normal purchase price Bill Number Total Checkouts Full call number Acc. no. / Barcode Date last seen Actual Cost, discounted price Bill Date Koha item type Date last borrowed
    Dewey Decimal Classification     BBA PIET C-LIBRARY PIET C-LIBRARY 28/07/2014 Orange Books International 425.00 4542   658.15 HAF 24649 04/12/2019 227.50 23/07/2014 Text Books  
    Dewey Decimal Classification     BBA PIET C-LIBRARY PIET C-LIBRARY 28/07/2014 Orange Books International 425.00 4542 3 658.15 HAF 24650 13/06/2023 227.50 23/07/2014 Text Books 02/06/2023
    Dewey Decimal Classification     BBA PIET C-LIBRARY PIET C-LIBRARY 28/07/2014 Orange Books International 425.00 4542   658.15 HAF 24651 04/12/2019 227.50 23/07/2014 Text Books  
    Dewey Decimal Classification     BBA PIET C-LIBRARY PIET C-LIBRARY 28/07/2014 Orange Books International 425.00 4542 1 658.15 HAF 24652 02/03/2022 227.50 23/07/2014 Text Books 28/02/2022
    Dewey Decimal Classification     BBA PIET C-LIBRARY PIET C-LIBRARY 28/07/2014 Orange Books International 425.00 4542 1 658.15 HAF 24653 12/07/2022 227.50 23/07/2014 Text Books 30/06/2022

Design & Developed by: PIET Central Library
R70 Miles Stone Pattikalyana Samalkha Panipat 132102
mail ID :- [email protected], Phone No:- 0180-2569700 Ex.216